länder in denen man spanisch spricht - Statistiken

Allgemein
  • Dieses Quiz wurde 54 mal gespielt
  • Das Durchschnittsergebnis liegt bei 14 aus 20
Antwortstatistiken
Antwort % Korrekt
spanien
100%
argentinien
96%
mexiko
91%
peru
89%
Kolumbien
87%
Bolivien
83%
Chile
80%
panama
80%
paraguay
80%
ecuador
78%
Venezuela
78%
nicaragua
78%
honduras
78%
guatemala
76%
costa rica
74%
el salvador
74%
kuba
70%
urugay
17%
äquatorial guinea
11%
domenikanische republik
2%
Keine übereinstimmenden Quizze gefunden
Verteilung der Resultate
Anzahl Personen mit jedem Resultat
Perzentil nach korrekt beantworteten Fragen
Ihre Resultats-Entwicklung
Sie haben dieses Quiz noch nicht gespielt